| 000 | 01233nam a22003497a 4500 | ||
|---|---|---|---|
| 001 | BR8201256 | ||
| 003 | BR-BrBNA | ||
| 005 | 20230928091244.0 | ||
| 007 | ta | ||
| 008 | 230509b bl.||||| |||| 00| 0 por d | ||
| 040 |
_aBR-BrBNA _bpor _cBiblioteca Nacional de Agricultura |
||
| 041 | _a(Por) | ||
| 072 |
_aD50; E15; E50 _b/G514 |
||
| 090 | _ D50 BR8201256 | ||
| 100 | 1 | _aPenna, L. de A. (ed.) | |
| 245 | 1 | _aGuia agropecuario: Agronomia, Direito agrario, Direito fiscal, Direito trabalhista rural; Incentivos fiscais, Veterinaria [Legislacao trabalhista; Trabalhador rural; Brasil] | |
| 246 | 1 | _a[Agriculture and cattle breeding guide: Agronomy, Agrarian law, Fiscal law, Rural labour law; Fiscal incentives; Veterinary [Labour legislation; Rural worker; Brazil]] | |
| 250 | 1 | _a4. ed. | |
| 260 | 3 |
_aSao Paulo, SP (Brasil): _bEditora dos Criadores, _c1981. |
|
| 300 | _a438 p. | ||
| 650 | _aLegislacao | ||
| 650 | _aMicroeconomia | ||
| 650 | _aSociologia rural | ||
| 650 | _aLegislacao trabalhista | ||
| 650 | _aAssistencia social | ||
| 650 | _aDireito agrario | ||
| 650 | _aDireito fiscal | ||
| 650 | _aDireito rural | ||
| 650 | _aTrabalhador rural | ||
| 909 |
_a202309 _bLucia _c55 _dLucia Elande |
||
| 942 | _cBK | ||
| 999 |
_c33066 _d33066 |
||